Finacovanie rozvoja vybraného malého a stredného podniku bakalárska práca

Uložené v:
Podrobná bibliografia
Hlavný autor: Ďaďo, Tomáš
Korporativný autor: Fakulta podnikového manažmentu EU. Katedra podnikových financií
Ďalší autori: Polednáková, Anna, 1957-
Médium: Kniha
Jazyk:Slovak
Vydavateľské údaje: Bratislava 2024
Tagy: Pridať tag
Žiadne tagy, Buďte prvý, kto otaguje tento záznam!

MARC

LEADER 00000nbm a2200000 4500
001 0302000
005 20250224105345.9
041 0 |a slo 
044 |a SK 
245 1 0 |a Finacovanie rozvoja vybraného malého a stredného podniku  |b bakalárska práca  |c Tomáš Ďaďo ; školiteľ: Anna Polednáková 
264 1 |a Bratislava  |c 2024 
300 |a 52 s. 
100 1 |a Ďaďo, Tomáš 
700 1 |a Polednáková, Anna, 1957- 
710 2 |a Fakulta podnikového manažmentu EU. Katedra podnikových financií